Objavovanie expertov vo vedeckých komunitách pomocou hodnotenia autorov

Saved in:
Bibliographic Details
Main Author: Hamar, Peter (Author)
Other Authors: Harsányi, Zoltán (Thesis advisor)
Format: Manuscript Book
Language:Slovak
Published: 2015
Subjects:
Online Access:http://is.stuba.sk/zp/portal_zp.pl?podrobnosti=110040
Tags: Add Tag
No Tags, Be the first to tag this record!

MARC

LEADER 00000ntm a22000003a 4500
001 stuzp53667
003 SK-STU
005 20160719154533.2
007 ta
008 150427s2015----xo-----f-mn---000-0-slo-d
040 |a STU  |b slo 
041 0 |a slo 
044 |a xo 
100 1 |a Hamar, Peter  |u 070200  |4 aut  |U FIIT Fakulta informatiky a informačných technológií  |T FIIT Ústav informatiky a softvérového inžinierstva  |X 5655  |U I200  |Y 179  |7 A000005655 
242 0 1 |a Discovering experts at research community by ranking authors  |y eng 
245 1 0 |a Objavovanie expertov vo vedeckých komunitách pomocou hodnotenia autorov 
260 |c 2015 
300 |a 108 s.  |e CD-ROM 
650 4 |a dolovanie dát  |2 slo 
650 4 |a hľadanie expertov  |2 slo 
650 4 |a hodnotenie publikácií  |2 slo 
650 4 |a hodnotenie konferencií  |2 slo 
650 4 |a expertné profilovanie  |2 slo 
650 4 |a expert profiling  |2 eng 
650 4 |a data mining  |2 eng 
650 4 |a publication ranking  |2 eng 
650 4 |a conference ranking  |2 eng 
650 4 |a expert finding  |2 eng 
700 1 |a Harsányi, Zoltán  |4 ths  |X 29976  |7 A000029976 
856 4 |u http://is.stuba.sk/zp/portal_zp.pl?podrobnosti=110040 
996 |b 284ID00049  |c I* DP48/15  |l II680  |s P  |a 0  |w stuzp53667_0001 
SQL |a stuzp53667  |b DDP  |c SLO  |d Objavovanie expertov vo vedeckých komunitách pomocou hodnotenia autorov  |e 5655  |f Hamar, Peter  |g 070200  |h 29976  |i Harsányi, Zoltán  |j 20150610  |k 205  |l 07  |m http://is.stuba.sk/zp/portal_zp.pl?podrobnosti=110040  |n I-IS2  |o 9.2.6. informačné systémy